Online
Catalog

G. B. S. : (Record no. 18668)

MARC details
000 -CABECERA
campo de control de longitud fija 00462cam a2200157u 4500
001 - NÚMERO DE CONTROL
campo de control 000019150
005 - FECHA Y HORA DE LA ÚLTIMA TRANSACCIÓN
campo de control 20200929165933.0
008 - DATOS DE LONGITUD FIJA--INFORMACIÓN GENERAL
campo de control de longitud fija 821218s1942 xxuc 000 0 eng
040 ## - FUENTE DE LA CATALOGACIÓN
Centro catalogador/agencia de origen DO-SdBNP
Lengua de catalogación spa
Centro/agencia transcriptor BNPHU
049 ## - FONDOS LOCALES (OCLC)
Fondos de biblioteca BNPD
100 1# - ENTRADA PRINCIPAL--NOMBRE DE PERSONA
Nombre de persona Pearson, Hesketh,
Fechas asociadas al nombre 1887-1964.
9 (RLIN) 41214
245 10 - MENCIÓN DE TÍTULO
Título G. B. S. :
Resto del título a full length portrait /
Mención de responsabilidad, etc. Hesketh Pearson.
260 ## - PUBLICACIÓN, DISTRIBUCIÓN, ETC.
Lugar de publicación, distribución, etc. New York :
Nombre del editor, distribuidor, etc. Harper & brothers,
Fecha de publicación, distribución, etc. [1942].
300 ## - DESCRIPCIÓN FÍSICA
Extensión 390 p. ;
Dimensiones 23 cm.
500 ## - NOTA GENERAL
Nota general Incluye índice
Holdings
Estado de retiro Estado de pérdida Restricciones de uso No para préstamo Código de colección Localización permanente Ubicación/localización actual Ubicación en estantería Fecha de adquisición Número de inventario Total de préstamos Signatura topográfica completa Código de barras Fecha visto por última vez Precio válido a partir de Tipo de ítem Koha
      Excluido de préstamo Monografías: Libros y Folletos General General En catalogación 27.05.2010 LF1   19150-10 25.06.2020 25.06.2020 No se presta

Powered by Koha